|
|
|
|
| LEADER |
00000ny a22000003n 4500 |
| 005 |
20110614123442.0 |
| 008 |
040913s2003 cl b 000 0 spa |
| 010 |
|
|
|a 2004461361
|
| 020 |
|
|
|a 9789687884929
|
| 035 |
|
|
|a 3294
|
| 040 |
|
|
|a DLC
|c DLC
|d vLex
|
| 050 |
0 |
0 |
|a KHF5819
|b .N86 2003
|
| 050 |
0 |
0 |
|a KHF5819
|b .N86 2003
|
| 090 |
|
|
|c 660
|d 660
|
| 100 |
1 |
|
|a Nę︢z Vs̀quez, J. Cristb̤al
|
| 245 |
1 |
0 |
|a Tratado del proceso penal y del juicio oral
|h [Recurso electrn̤ico]
|c J. Cristb̤al Nę︢z Vs̀quez
|
| 256 |
|
|
|a Servicio en ln̕ea
|
| 260 |
|
|
|a [Santiago, Chile] :
|b Editorial Jurd̕ica de las Amřicas,
|c 2009
|
| 300 |
|
|
|a v. ;
|c cm
|
| 506 |
1 |
|
|a Contenido solo disponible en los productos indicados
|d vLex Global
|d vLex Global (Academic Edition, excluding Law Schools)
|d vLex Global (U.S. Academic Edition, Law Schools)
|d vLex Global (U.S. Academic Edition, excluding Law Schools)
|d vLex Global (Academic Edition, Law Schools)
|
| 650 |
0 |
4 |
|a Procedimiento penal
|z Chile
|
| 650 |
0 |
4 |
|a Procedimiento relativo al proceso
|z Chile
|
| 740 |
0 |
|
|a vLex Libros (Servicios en ln̕ea)
|
| 856 |
4 |
0 |
|u http://vlex.com/source/3294
|z Acceso restringido
|
| 942 |
|
|
|c BOOK
|
| 999 |
|
0 |
|a Criminal procedure
|z Chile.
|
| 999 |
|
0 |
|a Trial practice
|z Chile.
|